000
00382nam a2200145Ia 4500
008
100122s9999 xx 000 0 und d
082
_b
34230
_a
823.08
100
_a
आफळे सुनिती
245
_a
केवडा
260
_b
आरती प्रकाशन
_c
1983
300
_a
164
630
_a
केवडा
730
_a
केवडा
942
_c
BOOK
999
_c
418068
_d
418065